000 00759nam a2200217 4500
001 116040
003 ES-MaACL
005 20250927125251.0
007 t|
008 061121s1928 fr r ||||1| fre d
100 1 _aOvidio Nasón, Publio.
_988013
245 1 0 _aHeroídes /
_cPublio Ovidio Nason ; texte établi par Henri Bornecque et traduit par Marcel Prévost.
260 _aParis :
_bSociété d'Edition `Les Belles Lettres`,
_c1928.
300 _aXXIII, 164 p. ;
_c21 cm.
490 1 _aCollection des Universités de France
700 1 _aBornecque, Henri.
_930521
700 1 _aPrévost, Marcel,
_d1862-1941
_993819
830 0 _aCollection des Universités de France
_9180876
852 _aES-MaACL
_jC-6827
_bR.14829
999 _c116040
_d116040